Marinheiro rasgado (Record no. 70488)

MARC details
000 -LÍDER
campo de controle de tamanho fixo 00349 a2200157 4500
001 - NÚMERO DE CONTROLE
campo de controle 70488
020 ## - ISBN - INTERNATIONAL STANDARD BOOK NUMBER
ISBN - International Standard Book Number 9788572086899
040 ## - FONTE DA CATALOGAÇÃO
Instituição que transcreveu o registro Anchieta - Itaigara
100 ## - ENTRADA PRINCIPAL--NOME PESSOAL
Nome pessoal Azevado, Ricardo
240 10 - TÍTULO UNIFORME
Título uniforme Marinheiro rasgado
Idioma da obra por
245 10 - TÍTULO
Título Marinheiro rasgado
300 ## - DESCRIÇÃO FÍSICA
Extensão 64
362 0# - DATAS DE PUBLICAÇÃO E/OU DESIGNAÇÃO SEQUENCIAL
Datas de publicação e/ou designação sequencial 2010
650 #4 - ASSUNTO--TERMO TÓPICO
Cabeçalho tópico ou nome geográfico Literatura infanto-juvenil
942 ## - ELEMENTOS DE ENTRADA ADICIONADOS (KOHA)
Tipo de material Koha Livros
Holdings
Situação do descarte Situação das perdas Situação física Não pode ser emprestado Biblioteca de origem Biblioteca atual Data de aquisição Total de empréstimos Número de chamada completo Código de barras Data de último acesso Data do preço efetivo Tipo de material Koha Fonte da classificação ou esquema de arquivamento na estante Nota pública
        Colégio São Paulo Colégio São Paulo 21/11/2023   028.5 AZE MAR 3953/ITA 21/11/2023 21/11/2023 Livros    
        Novo Tempo - Aureliano São José Novo Tempo - Aureliano São José 03/07/2024     if642 03/07/2024 03/07/2024 Livros Classificação Decimal de Dewey M